| 000 | 01693nam a2200529 i 4500 | ||
|---|---|---|---|
| 001 | 28182 | ||
| 003 | KOSZ 005 | ||
| 005 | 20210517150200.0 | ||
| 008 | 981118s1985 pl a |000 0 pol | ||
| 015 | _aUWD 1985/8354 | ||
| 020 | _a8321511317 | ||
| 035 | _a991008342099705066 | ||
| 035 | _a(PL-WaBN)b12152936-48omnis_nlop | ||
| 035 | _ab12152936 | ||
| 035 | _a(OCoLC)749896402 | ||
| 035 | _azz2005902741 | ||
| 035 | _a(PL)b0000001215293 | ||
| 035 | _a(EXLNZ-48OMNIS_NETWORK)9910296752505606 | ||
| 040 |
_aWA N _cWA N _dKR U _dKOSZ 005/HR |
||
| 041 | 0 | _apol | |
| 046 | _k1985 | ||
| 080 | _a347.79 | ||
| 080 | _a656.61 | ||
| 100 | 1 |
_aRymarz, Władysław _d(1933-2013) _eAutor |
|
| 245 | 1 | 0 |
_aMiędzynarodowe prawo drogi morskiej / _cWładysław Rymarz. |
| 260 |
_aGdańsk : _bWydawnictwo Morskie, _c1985. |
||
| 300 |
_a447, [1] s. : _brys., wykr. ; _c25 cm. |
||
| 336 |
_aTekst _btxt _2rdacontent |
||
| 337 |
_aBez urządzenia pośredniczącego _bn _2rdamedia |
||
| 338 |
_aWolumin _bnc _2rdacarrier |
||
| 380 | _aKsiążki | ||
| 388 | _a1901-2000 | ||
| 388 | _a1945-1989 | ||
| 490 | 1 |
_aBiblioteka Nautyki, _x0239-5673 ; _v60 |
|
| 650 | 7 |
_aNawigacja _2DBN |
|
| 650 | 7 | _aPrawo morskie | |
| 650 | 7 | _aPrawo międzynarodowe | |
| 650 | 7 | _aŻegluga morska | |
| 650 | 7 |
_aZderzenie na morzu _2DBN |
|
| 650 | 7 | _aZapobieganie | |
| 658 | _aTransport i logistyka | ||
| 710 | 2 |
_aWydawnictwo Morskie _4pbl |
|
| 830 | 0 |
_aBiblioteka Nautyki _v60 |
|
| 856 |
_uhttp://koha.tu.koszalin.pl/cgi-bin/koha/opac-detail.pl?biblionumber=28182 _yKatalog online BPK |
||
| 942 |
_2UKD _cKS |
||
| 999 |
_c28182 _d28182 |
||